Sélections du premier tour du repêchage 2003 de la LNH - Statistiques

Statistiques générales
  • Ce quiz a été pris 56 fois
  • Le résultat moyen est 6 sur 30
Statistiques - réponses
Équipe de jeunes Nationalité Position Sélectionné par Réponse % Correct
Cape Breton Screaming Eagles (LHJMQ) Canada Gardien de but Pittsburgh Penguins Marc-André Fleury
100%
Peterborough Petes (LHO) Canada Centre Carolina Hurricanes Eric Staal
86%
London Knights (LHO) Canada Ailier Droit Mighty Ducks of Anaheim Corey Perry
44%
Université du Minnesota (ASCN) L'Autriche Ailier Gauche Buffalo Sabres Thomas Vanek
42%
CSKA Moscow (SLR) Biélorussie Ailier Droit Montreal Canadiens Andrei Kostitsyn
37%
Calgary Hitmen (WHL) Canada Centre Mighty Ducks of Anaheim Ryan Getzlaf
35%
Brampton Battalion (LHO) Canada Ailier Droit/Défenseur Minnesota Wild Brent Burns
28%
États-Unis National moins de 18 ans (LHNA) États-Unis Défenseur Nashville Predators Ryan Suter
26%
Sault Ste Marie Greyhounds (LHO) Canada Centre Philadelphia Flyers Jeff Carter
23%
Kitchener Rangers (LHO) Canada Centre Philadelphia Flyers Mike Richards
19%
Université du Dakota du Nord (ASCN) États-Unis Ailier Gauche New Jersey Devils Zach Parise
19%
Lethbridge Hurricanes (WHL) Canada Défenseur Chicago Blackhawks Brent Seabrook
16%
Red Deer Rebels (WHL) Canada Défenseur Calgary Flames Dion Phaneuf
16%
Rimouski Océanic (LHJMQ) Canada Centre Edmonton Oilers Marc-Antoine Pouliot
16%
Oshawa Generals (LHO) Canada Ailier Droit Florida Panthers Nathan Horton
16%
CSKA Moscow (SLR) Russie Ailier Droit Columbus Blue Jackets Nikolay Zherdev
16%
Guelph Storm (LHO) États-Unis Ailier Droit Los Angeles Kings Dustin Brown
14%
Portland Winterhawks (WHL) Canada Défenseur Atlanta Thrashers Braydon Coburn
12%
Collège de Dartmouth (ASCN) États-Unis Ailier Droit New York Rangers Hugh Jessiman
9%
HC České Budêjovice (Extraliga) République Tchèque Ailier Gauche San José Sharks Milan Michalek
9%
Tri-City Americans (WHL) Canada Défenseur St. Louis Blues Shawn Belle
9%
Moncton Wildcats (LHJMQ) Canada Ailier Droit San José Sharks Steve Bernier
9%
Brandon Wheat Kings (WHL) Canada Ailier Droit Washington Capitals Eric Fehr
7%
Collège de Boston (ASCN) États-Unis Ailier Droit Ottawa Senators Patrick Eaves
7%
Leksands IF (LHS) Suède Ailier Droit New York Islanders Robert Nilsson
7%
Université du L'État du Ohio (ASCN) États-Unis Centre Vancouver Canucks Ryan Kesler
7%
Kingston Frontenacs (LHO) Canada Ailier Droit Florida Panthers Anthony Stewart
5%
École Saint-Sébastien (LEUM) États-Unis Centre Los Angeles Kings Brian Boyle
5%
Université du Michigan (ASCN) Canada Ailier Gauche Los Angeles Kings Jeff Tambellini
5%
Collège du Colorado (ASCN) États-Unis Défenseur Boston Bruins Mark Stuart
5%
Aucun quiz correspondant
Distribution des résultats
% des personnes avec chaque résultat
Percentile par nombre de réponses
Votre historique - résultats
Vous n’avez pas pris ce quiz